|
|
|
|
| LEADER |
00000nab a2200000uu 4500 |
| 001 |
vtls010884418 |
| 003 |
SK-MaSNL |
| 005 |
20260303145121.0 |
| 008 |
230222|1964 xo |||||||||||||||||slo| |
| 015 |
|
|
|a SNBRB
|
| 035 |
|
|
|a (urnnbn)urn:nbn:sk:snk:ar-002apf
|
| 035 |
|
|
|a (uuid)829b4488-dad9-4858-b691-7f4654bf870b
|
| 035 |
|
|
|a urn:nbn:sk:snk-ab8fpl
|
| 040 |
|
|
|a SNKBUCL
|b slo
|c SNKBUCL
|e AACR2
|
| 041 |
0 |
|
|a slo
|
| 044 |
|
|
|a xo
|c SK
|
| 100 |
1 |
|
|a Kolman, Peter,
|d 1937-2022
|4 aut
|9 261758
|
| 245 |
1 |
0 |
|a Apropos Arnold Schönberg :
|b (ÚVAHA K NEDOŽITÝM DEVÄŤDESIATI NÁM)
|c Peter Kolman
|
| 773 |
0 |
|
|t Slovenská hudba : revue pre hudobnú kultúru
|g Roč. 8, č. 8 (1964), s. 236-239
|
| 954 |
|
|
|a odborná, vedecká literatúra pôvodná (slovenská)
|2 lita
|
| 958 |
|
|
|a OND
|
| 958 |
|
|
|a EUIPO
|
| 958 |
|
|
|a article10
|
| 999 |
|
|
|c 2000581
|d 2002511
|